| 000 | 00490nam a2200181Ia 4500 | ||
|---|---|---|---|
| 001 | 44017 | ||
| 008 | 140428s9999 xx 000 0 und d | ||
| 020 | _aNA | ||
| 040 | _cPK-LaUMT | ||
| 082 |
_aRHC 891.4394 _bABD-A |
||
| 100 | _aAbdul Haq Khan Hasrat Kaskanjvi | ||
| 245 |
_aAdab aur iqtidaar (Urdu) _cAbdul Haq Khan Hasrat Kaskanjvi |
||
| 260 |
_aKarachi,Pakistan: _bUrdu Academy Sind, _c1998 |
||
| 300 | _a526 p. | ||
| 546 | _aUR | ||
| 650 | _aPakistan literature-Urdu | ||
| 942 | _cBK | ||
| 999 |
_c42017 _d42017 |
||